000 00634nam a2200193 a 4500
008 120416s1979 ||||||||||||||||| || u
020 _a002341720x
050 _aP 95 Gib
100 _aGibson, James W., 1932-
245 1 0 _aCreative speech communication
260 _aNew York :
_bMacmillan
_c1979
300 _ax, 175 p. : ill.
350 _a0.00
500 _aBibliography: p. 169-172
650 _aCOMMUNICATION
650 0 _aORAL COMMUNICATION
700 _aCornwell, Clifton
995 _D0.00
_FCBU-MAIN LIBRARY (Kitwe)
_H1
_I0.00
_M1
_UDAMAGED
_ZMain Library Open Access Collection
999 _c39154
_d39154